Logo CIB grande

DIRECCION DE OPERACIONES: ASPECTOS ESTRATEGICOS EN LA PRODUCCION Y LOS SERVICIOS (Registro nro. 224477)

Detalles MARC
000 -LEADER
campo de control de longitud fija 00870nam a2200289Ia 4500
005 - FECHA Y HORA DE LA ÚLTIMA TRANSACCIÓN
campo de control 20250425162214.0
008 - DATOS DE LONGITUD FIJA--INFORMACIÓN GENERAL
campo de control de longitud fija 250425s9999 xx 000 0 und d
020 ## - NÚMERO INTERNACIONAL ESTÁNDAR DEL LIBRO
Número Internacional Estándar del Libro 8448118480
041 ## - CÓDIGO DE IDIOMA
Código de lengua del texto/banda sonora o título independiente spa
082 ## - NÚMERO DE LA CLASIFICACIÓN DECIMAL DEWEY
Número de clasificación 658.1
010 ## - NÚMERO DE CONTROL DE LA BIBLIOTECA DEL CONGRESO
Número de control de LC 56596
100 ## - ENTRADA PRINCIPAL--NOMBRE DE PERSONA
Nombre de persona DOMINGUEZ MACHUCA, JOSE A
245 #0 - MENCIÓN DEL TÍTULO
Título DIRECCION DE OPERACIONES: ASPECTOS ESTRATEGICOS EN LA PRODUCCION Y LOS SERVICIOS
250 ## - MENCION DE EDICION
Mención de edición 1A ED.
260 ## - PUBLICACIÓN, DISTRIBUCIÓN, ETC.
Lugar de publicación, distribución, etc. España
Nombre del editor, distribuidor, etc. MCGRAW HILL
Fecha de publicación, distribución, etc. 1995
260 ## - PUBLICACIÓN, DISTRIBUCIÓN, ETC.
Lugar de publicación, distribución, etc. MADRID
300 ## - DESCRIPCIÓN FÍSICA
Extensión 482
500 ## - NOTA GENERAL
Nota general EN CIBGZ-FIMCP 50461
-- 1.00 OCT.19.05 PARA ING. MECANICA. Y ADM. DE LA PRODUCCION.- MHP.
650 ## - PUNTO DE ACCESO ADICIONAL DE MATERIA--TÉRMINO DE MATERIA
Término de materia o nombre geográfico como elemento de entrada DIRECCION DE OPERACIONES
650 ## - PUNTO DE ACCESO ADICIONAL DE MATERIA--TÉRMINO DE MATERIA
Término de materia o nombre geográfico como elemento de entrada GESTION TECNOLOGICA
650 ## - PUNTO DE ACCESO ADICIONAL DE MATERIA--TÉRMINO DE MATERIA
Término de materia o nombre geográfico como elemento de entrada GLOBALIZACION
650 ## - PUNTO DE ACCESO ADICIONAL DE MATERIA--TÉRMINO DE MATERIA
Término de materia o nombre geográfico como elemento de entrada MEDICION DEL TRABAJO
650 ## - PUNTO DE ACCESO ADICIONAL DE MATERIA--TÉRMINO DE MATERIA
Término de materia o nombre geográfico como elemento de entrada SISTEMA ECONOMICO
700 ## - ENTRADA AGREGADA--NOMBRE PERSONAL
Nombre de persona DOMINGUEZ MACHUCA, MIGUEL ANGEL
700 ## - ENTRADA AGREGADA--NOMBRE PERSONAL
Nombre de persona GARCIA GONZALEZ, SANTIAGO
942 ## - ELEMENTOS DE ENTRADA SECUNDARIOS (KOHA)
Tipo de ítem Koha Libros
Existencias
Estatus retirado Estado de pérdida Estado de daño No para préstamo Biblioteca de origen Biblioteca actual Fecha de adquisición Coste, precio normal de compra Total de préstamos Código de barras Copia número
        FACULTAD DE INGENIERIA MECANICA Y CIENCIAS DE LA PRODUCCION FACULTAD DE INGENIERIA MECANICA Y CIENCIAS DE LA PRODUCCION 07/11/2005 41.00   50461 1

Copyright 2025 ESPOL. Todos los derechos reservados.